[Event "Wiesbaden op 28th"]
[Site "Wiesbaden"]
[Date "2016.08.26"]
[Round "2"]
[White "Jahnel, Guenther"]
[Black "Bayer, Martin"]
[Result "1-0"]
[WhiteElo "2272"]
[BlackElo "1692"]
[PlyCount "89"]
[EventDate "2016.08.25"]
[EventType "swiss"]
[EventRounds "7"]
[EventCountry "GER"]
[SourceTitle "CBM 174 Extra"]
[Source "ChessBase"]
[SourceDate "2016.10.10"]
[SourceVersion "1"]
[SourceVersionDate "2016.10.10"]
[SourceQuality "1"]

1. d4 d5 2. c4 e6 3. Nf3 Nf6 4. Bg5 Be7 5. e3 Nbd7 6. Bd3 b6 7. 0-0 c5 8. cxd5 exd5 9. Nc3 0-0 10. Rc1 Bb7 11. Qa4 Ne4 12. Bxe7 Qxe7 13. Ba6 Nxc3 14. Rxc3 Bxa6 15. Qxa6 Rfc8 16. Rfc1 f6 17. Ne1 Rc7 18. Nd3 Rac8 19. Qb5 Qe4 20. b4 Qe7 21. bxc5 bxc5 22. dxc5 Ne5 23. Nb4 Qd8 24. c6 Kf7 25. Nxd5 Rb8 26. Nxc7 Rxb5 27. Nxb5 Nxc6 28. Rxc6 Qa5 29. Nd6+ Kg6 30. R6c2 Qe5 31. Nc4 Qb8 32. h3 h6 33. Na5 Qb6 34. Nc6 a6 35. Rc4 Qb2 36. a4 Qd2 37. Nb4 Qd6 38. Nc6 Qd2 39. Nd4 Qb2 40. h4 h5 41. Ne6 Qb6 42. Nf4+ Kh6 43. Rc5 Kh7 44. Rxh5+ Kg8 45. Rhc5 1-0

[Event "Wiesbaden op 28th"]
[Site "Wiesbaden"]
[Date "2016.08.25"]
[Round "1"]
[White "Neuhoff, Ulrich"]
[Black "Jahnel, Guenther"]
[Result "1-0"]
[WhiteElo "1776"]
[BlackElo "2272"]
[PlyCount "65"]
[EventDate "2016.08.25"]
[EventType "swiss"]
[EventRounds "7"]
[EventCountry "GER"]
[SourceTitle "CBM 174 Extra"]
[Source "ChessBase"]
[SourceDate "2016.10.10"]
[SourceVersion "1"]
[SourceVersionDate "2016.10.10"]
[SourceQuality "1"]

1. Nf3 g6 2. c4 Bg7 3. g3 e5 4. Nc3 Nc6 5. Bg2 d6 6. 0-0 Be6 7. d3 h6 8. h3 Qd7 9. Kh2 Nge7 10. Rb1 f5 11. b4 e4 12. b5 exf3 13. bxc6 bxc6 14. exf3 Bxc3 15. Qb3 Bf6 16. f4 0-0 17. Qa4 d5 18. Ba3 Rfe8 19. Rb7 a5 20. Re1 Ra6 21. Rxc7 Qxc7 22. Rxe6 Kf7 23. cxd5 Qd7 24. Rd6 Qa7 25. dxc6 Kg7 26. Qc4 Qb6 27. Qe6 Rf8 28. c7 Qxc7 29. Rxa6 Rf7 30. d4 Ng8 31. Bc5 Qb8 32. Bd5 Rc7 33. Ra8 1-0

[Event "Oberliga Ost-A 1516"]
[Site "Germany"]
[Date "2016.01.16"]
[Round "6.3"]
[White "Rudolf, Sebastian"]
[Black "Jahnel, Guenther"]
[Result "1-0"]
[WhiteElo "2252"]
[BlackElo "2316"]
[PlyCount "96"]
[EventDate "2015.09.20"]
[EventType "team-tourn"]
[EventRounds "11"]
[EventCountry "GER"]
[SourceTitle "EXT 2017"]
[Source "ChessBase"]
[SourceDate "2016.10.25"]
[SourceVersion "1"]
[SourceVersionDate "2016.10.25"]
[SourceQuality "1"]
[WhiteTeam "Dresden Gruen Weiss"]
[BlackTeam "Hoyerswerda"]
[WhiteTeamCountry "GER"]
[BlackTeamCountry "GER"]

1. e4 d6 2. d4 Nf6 3. Nc3 g6 4. Be3 c6 5. h3 b5 6. e5 Nfd7 7. exd6 exd6 8. d5 b4 9. Ne4 c5 10. Bf4 Qb6 11. Qe2 Ne5 12. Bg5 Ba6 13. Qe3 Bxf1 14. Kxf1 Qa6+ 15. Ne2 Kd7 16. f4 Nc4 17. Nf6+ Kc7 18. Qe8 h6 19. Bxh6 Rxh6 20. Qxf8 Nd7 21. Qxf7 Rd8 22. Qg7 Ne3+ 23. Kf2 Nf5 24. Qf7 Rhh8 25. Qxg6 Nh4 26. Qg7 Nf5 27. Qg5 Rhf8 28. Qxf5 Rxf6 29. Qd3 Qb6 30. Kg3 Re8 31. Rae1 Kc8 32. Rhf1 Ref8 33. Rf3 Qb7 34. b3 Nb6 35. c4 Qf7 36. Kh2 Nd7 37. Re3 Rh8 38. Qe4 Qh5 39. Ng3 Qh4 40. Nf5 Qh5 41. Ng7 Qf7 42. Ne6 Rfh6 43. Rg3 Qf6 44. Re2 Rh4 45. Qg6 Qa1 46. Qf7 Qf1 47. Rg8+ Rxg8 48. Qxg8+ Kb7 1-0

[Event "Berlin Spandau op 1st"]
[Site "Berlin"]
[Date "2015.12.30"]
[Round "7"]
[White "Hoffmann, Rainer1111"]
[Black "Jahnel, Guenther"]
[Result "1-0"]
[WhiteElo "2007"]
[BlackElo "2309"]
[PlyCount "81"]
[EventDate "2015.12.27"]
[EventType "swiss"]
[EventRounds "7"]
[EventCountry "GER"]
[SourceTitle "EXT 2022"]
[Source "ChessBase"]
[SourceDate "2021.10.06"]
[SourceVersion "1"]
[SourceVersionDate "2021.10.06"]
[SourceQuality "1"]

1. e4 d6 2. d4 Nf6 3. Nc3 g6 4. h3 Bg7 5. Be3 c6 6. Bd3 e5 7. dxe5 dxe5 8. Qd2 0-0 9. 0-0-0 b5 10. g4 Qa5 11. Kb1 Be6 12. b3 Qc7 13. f3 a5 14. h4 Rd8 15. Qf2 Nbd7 16. Nh3 a4 17. Ng5 Re8 18. h5 Nf8 19. hxg6 fxg6 20. Rh4 axb3 21. cxb3 Kh8 22. Ne2 Bg8 23. Rdh1 Re7 24. Nc1 Ne6 25. Nxe6 Rxe6 26. Be2 Rf8 27. Qh2 Rfe8 28. Nd3 Bf8 29. Nc5 Rd6 30. f4 Rdd8 31. f5 gxf5 32. exf5 Bd5 33. Rc1 Ne4 34. Ne6 Rxe6 35. fxe6 b4 36. g5 Nc3+ 37. Rxc3 bxc3 38. Bd3 h6 39. Bd4 Bg7 40. Rxh6+ Kg8 41. Bh7+ 1-0

[Event "Berlin Spandau op 1st"]
[Site "Berlin"]
[Date "2015.12.29"]
[Round "6"]
[White "Jahnel, Guenther"]
[Black "Koetz, Andreas"]
[Result "1/2-1/2"]
[WhiteElo "2309"]
[BlackElo "2012"]
[PlyCount "69"]
[EventDate "2015.12.27"]
[EventType "swiss"]
[EventRounds "7"]
[EventCountry "GER"]
[SourceTitle "EXT 2022"]
[Source "ChessBase"]
[SourceDate "2021.10.06"]
[SourceVersion "1"]
[SourceVersionDate "2021.10.06"]
[SourceQuality "1"]

1. d4 Nf6 2. c4 g6 3. Nc3 Bg7 4. Nf3 d6 5. e4 0-0 6. Be2 e5 7. 0-0 Nc6 8. Be3 Ng4 9. Bg5 f6 10. Bh4 Nh6 11. dxe5 Nxe5 12. Nd5 g5 13. Bg3 Nxf3+ 14. Bxf3 f5 15. exf5 Nxf5 16. Be4 c6 17. Nc3 Nxg3 18. hxg3 Bxc3 19. bxc3 Bf5 20. Re1 Qf6 21. Qd2 Rad8 22. Bxf5 Qxf5 23. Re7 Rf7 24. Rae1 Rdf8 25. R1e2 Qc5 26. R7e6 Rf6 27. Rxf6 Rxf6 28. Re7 Rf7 29. Re6 Kg7 30. Rxd6 Rxf2 31. Qxf2 Qxd6 32. Qxa7 Qd1+ 33. Kh2 Qh5+ 34. Kg1 Qd1+ 35. Kh2 1/2-1/2

[Event "Berlin Spandau op 1st"]
[Site "Berlin"]
[Date "2015.12.28"]
[Round "3"]
[White "Jahnel, Guenther"]
[Black "Bachmann, Volker"]
[Result "1/2-1/2"]
[WhiteElo "2309"]
[BlackElo "2095"]
[PlyCount "121"]
[EventDate "2015.12.27"]
[EventType "swiss"]
[EventRounds "7"]
[EventCountry "GER"]
[SourceTitle "EXT 2022"]
[Source "ChessBase"]
[SourceDate "2021.10.06"]
[SourceVersion "1"]
[SourceVersionDate "2021.10.06"]
[SourceQuality "1"]

1. Nf3 Nf6 2. g3 d5 3. Bg2 g6 4. 0-0 Bg7 5. c4 c6 6. d4 0-0 7. cxd5 cxd5 8. Nc3 Nc6 9. Ne5 e6 10. Bf4 Nh5 11. Nxc6 bxc6 12. Be3 f5 13. Bf3 f4 14. Bc1 e5 15. dxe5 Bh3 16. g4 Qg5 17. e4 fxe3 18. Bxe3 Nf4 19. Re1 Bxe5 20. Bc5 Rf7 21. Kh1 Bc7 22. Rg1 Qh4 23. Be3 Ne6 24. Rg3 Bxg3 25. hxg3 Qf6 26. Be2 h5 27. gxh5 gxh5 28. Kh2 Bg4 29. Bxg4 hxg4 30. Qxg4+ Rg7 31. Qe2 d4 32. Ne4 Qe5 33. Bd2 Re8 34. Re1 Rh7+ 35. Kg2 Qd5 36. f3 Kh8 37. Nf6 Nf4+ 38. Bxf4 Rxe2+ 39. Rxe2 Qb5 40. Re8+ Kg7 41. Nxh7 Qxb2+ 42. Kh3 Kxh7 43. Re7+ Kg8 44. Rxa7 d3 45. Rd7 Qe2 46. Kh4 c5 47. Kg5 Qe6 48. Rxd3 Qe7+ 49. Kg4 c4 50. Rd1 c3 51. Rc1 Qe6+ 52. Kh4 Qf6+ 53. Kh3 Qf5+ 54. Kg2 Qd3 55. Kf2 c2 56. a4 Qd4+ 57. Ke2 Qxa4 58. Kd2 Qd4+ 59. Kxc2 Qf2+ 60. Kd3 Qxf3+ 61. Kd4 1/2-1/2